Contract law / (Record no. 12166)
[ view plain ]
| 000 -LEADER | |
|---|---|
| fixed length control field | 00780cam a22002412 4500 |
| 001 - CONTROL NUMBER | |
| control field | 0000020849 |
| 005 - DATE AND TIME OF LATEST TRANSACTION | |
| control field | 20151217155230.0 |
| 008 - FIXED-LENGTH DATA ELEMENTS--GENERAL INFORMATION | |
| fixed length control field | 111021s xx 000 0 eng d |
| 020 ## - INTERNATIONAL STANDARD BOOK NUMBER | |
| International Standard Book Number | 1408258118 : |
| Terms of availability | KES 4465 |
| 040 ## - CATALOGING SOURCE | |
| Original cataloging agency | KABU |
| Transcribing agency | KABU |
| 100 1# - MAIN ENTRY--PERSONAL NAME | |
| Personal name | Elliott, Catherine. |
| -- | 0000160117 |
| 245 10 - TITLE STATEMENT | |
| Title | Contract law / |
| Statement of responsibility, etc. | Catherine Elliott and Frances Quinn. |
| 250 ## - EDITION STATEMENT | |
| Edition statement | 8th ed. |
| 260 ## - PUBLICATION, DISTRIBUTION, ETC. (IMPRINT) | |
| Place of publication, distribution, etc. | Harlow, England : |
| Name of publisher, distributor, etc. | Pearson Education, |
| Date of publication, distribution, etc. | 2011. |
| 300 ## - PHYSICAL DESCRIPTION | |
| Extent | xxxi, 428 p. |
| 650 #0 - SUBJECT ADDED ENTRY--TOPICAL TERM | |
| Topical term or geographic name as entry element | Contracts |
| Geographic subdivision | England. |
| -- | 0000160118 |
| 650 #0 - SUBJECT ADDED ENTRY--TOPICAL TERM | |
| Topical term or geographic name as entry element | Contracts |
| Geographic subdivision | Wales. |
| -- | 0000160119 |
| 700 1# - ADDED ENTRY--PERSONAL NAME | |
| Personal name | Quinn, Frances. |
| -- | 0000160120 |
| 852 1# - LOCATION | |
| -- | p2340 KES |
| 852 1# - LOCATION | |
| -- | p2340 KES |
| 908 ## - PUT COMMAND PARAMETER (RLIN) | |
| Put command parameter | 111021 |
| 950 ## - LOCAL HOLDINGS (RLIN) | |
| -- | 1 |
| Withdrawn status | Lost status | Source of classification or shelving scheme | Not for loan | Home library | Current library | Date acquired | Total Checkouts | Total Renewals | Full call number | Barcode | Date last seen | Date last checked out | Price effective from | Koha item type |
|---|---|---|---|---|---|---|---|---|---|---|---|---|---|---|
| Library of Congress Classification | Kabarak, Main Campus | Kabarak, Main Campus | 17/12/2015 | 31 | 1 | KD1554 .E45 2011 c. 2 | 19672 | 08/12/2022 | 28/11/2022 | 17/12/2015 | General Collection | |||
| Library of Congress Classification | Kabarak, Main Campus | Kabarak, Main Campus | 17/12/2015 | 41 | 4 | KD1554 .E45 2011 c. 1 | 19690 | 01/07/2024 | 01/07/2024 | 17/12/2015 | General Collection |